| 000 | 008630000a22001330004500 | ||
|---|---|---|---|
| 100 | 1 | _aStoufer, Ron y Karen | |
| 245 | 1 | 0 | _aEl juego de desarrollo |
| 300 | _aVol.0, núm.75 (2008), Páginas 8-9 | ||
| 500 | _aEste juego puede ayudar a las personas a entender los esfuerzos especiales necesarios para asegurar que las actividades de desarollo beneficien realmente a las personas marginadas o más pobres en una comunidad. Puede utilizarse con trabajadores de desarrollo, personal de proyecto gubernamental o de ONG, o comités de desarrollo de aldea. | ||
| 520 | _aMaterialesnecesarios, Instrucciones, El juego: Proyecto 1 Capacitación de agricultores y distribución de semillas, Proyecto 2 Sistema de agua potable comunitario, Proyecto 3 Clases de alfabetización, El fin del juego | ||
| 650 | 1 | 4 | _aDESARROLLO COMUNITARIO |
| 773 | 0 | _tPaso a Paso | |
| 942 | _cANA | ||
| 999 |
_c62655 _d62655 |
||